|
|
|
|
| LEADER |
00000nam a2200000 a 4500 |
| 001 |
vtls001352080 |
| 003 |
SK-MaSNL |
| 005 |
20260301160657.0 |
| 008 |
240318s1986 xx 0 und |
| 035 |
|
|
|a SNK000305455
|
| 040 |
|
|
|a SNK
|b slo
|c SNK
|e AACR2
|
| 100 |
1 |
|
|a Lisáček, Jakubec, Rudolf, Augustín
|4 aut
|9 522578
|
| 245 |
1 |
0 |
|a Dílenská cvičení 1 pro 1. roč. elektrotechnických
|
| 260 |
|
|
|a Praha
|b Státní nakladatelství technické literatury
|c 1986
|
| 300 |
|
|
|a 230s.
|
| 958 |
|
|
|a OND
|
| 999 |
|
|
|c 806449
|d 808379
|
| 952 |
|
|
|a SNK
|b SNK
|y PREZ
|7 0
|p 17A0933355
|o snkSC 66451
|0 0
|1 0
|4 0
|d 2012-08-16
|l 0
|r 2025-07-08 00:00:00
|w 2026-02-24
|
| 952 |
|
|
|t P60, <04>, [BOOK], {604}
|a SNK
|b SNK
|y VYP
|7 0
|p 17A0176131
|o snkSC 66451 D1
|0 0
|1 0
|4 0
|d 1999-01-09
|l 0
|r 2005-01-02 00:00:00
|w 2026-02-24
|